Statistics for 20 Random missing Countries by Capital Cities (Easy version)

Click here to take the quiz!

General Stats

  • This quiz has been taken 301 times
  • The average score is 15 of 20

Answers on the Map

Answers color-coded by a green-red scale on the quiz's map according to % correct below.
 

Answer Stats

Answer% Correct
Ankara
100%
Beijing
100%
Brasilia
100%
Bucharest
100%
Cairo
100%
Kiev
100%
Moscow
100%
New Delhi
100%
Paris
100%
Tehran
100%
Washington D.C.
100%
Ottawa
96%
Madrid
95%
La Paz/Sucre
94%
Mexico City
94%
Pretoria/Bloemfontein/Cape Town
94%
Tripoli
94%
Warsaw
93%
Buenos Aires
92%
Niamey
92%
Prague
92%
Stockholm
92%
Algiers
90%
Berlin
90%
Canberra
90%
Vienna
88%
Oslo
87%
Astana
86%
Bogotà
86%
N'Djamena
86%
Rome
86%
Ulaanbaatar
85%
Bangkok
83%
Helsinki
83%
Kabul
83%
Caracas
81%
Jakarta
81%
Lisbon
80%
Minsk
80%
Tokyo
79%
Baghdad
77%
Nairobi
77%
Tegucigalpa
77%
Wellington
77%
Abuja
75%
Lima
75%
London
75%
Windhoek
74%
Luanda
73%
Riyadh
73%
Kuala Lumpur
71%
Guatemala City
70%
Quito
70%
Khartoum
69%
Montevideo
69%
Sana'a
68%
Asunción
67%
Juba
67%
Kinshasa
67%
Santiago
67%
Athens
64%
Muscat
64%
Addis Ababa
63%
Gaborone
63%
Nouakchott
63%
Sofia
63%
Conakry
60%
Ashgabat
58%
Bangui
58%
Mogadishu
58%
Bamako
57%
Islamabad
57%
Libreville
57%
Port Moresby
57%
Hanoi
56%
Lusaka
56%
Brazzaville
55%
Harare
55%
Ouagadougou
53%
Manila
50%
Maputo
50%
Rabat
50%
Tashkent
47%
Naypyidaw
47%
Managua
46%
Antananarivo
45%
Kampala
36%
Yaoundé
35%
Dodoma
33%
Havana
31%
Yamoussoukro
27%
Reyjkavik
0%

Score Distribution

Percentile by Number Answered

Percent of People with Each Score

Your Score History

You have not taken this quiz